Ženy mají pro podnikání v desítkách zemí lepší prostředí než v Česku
Výsledky hodnotenia štúdie spoločnosti Mastercard, nazvané Index of Women Entrepreneur, ktorá sleduje pokrok a výsledky podnikateliek a vlastníčok firiem. Celkovo sa ženám lepšie darí vo vyspelých ekonomikách, keďže majú pestrejší výber zdrojov a príležitostí. Najlepším prostredím pre podnikanie pre...
Uložené v:
| Médium: | Kapitola |
|---|---|
| Jazyk: | Czech |
| Predmet: | |
| Tagy: |
Žiadne tagy, Buďte prvý, kto otaguje tento záznam!
|
MARC
| LEADER | 00000naa a2200000 4500 | ||
|---|---|---|---|
| 001 | 0242699 | ||
| 005 | 20180509122902.4 | ||
| 041 | 0 | |a cze | |
| 044 | |a CZ | ||
| 245 | 1 | 0 | |a Ženy mají pro podnikání v desítkách zemí lepší prostředí než v Česku |
| 520 | |a Výsledky hodnotenia štúdie spoločnosti Mastercard, nazvané Index of Women Entrepreneur, ktorá sleduje pokrok a výsledky podnikateliek a vlastníčok firiem. Celkovo sa ženám lepšie darí vo vyspelých ekonomikách, keďže majú pestrejší výber zdrojov a príležitostí. Najlepším prostredím pre podnikanie pre ženy sa nachádza na Novom Zélande, zhoršuje sa postavenie Japonska. Najčastejšie prekážky v podnikaní žien. | ||
| 610 | 2 | 0 | |a podnikanie |
| 610 | 2 | 0 | |a ženy |
| 610 | 2 | 0 | |a štúdie |
| 610 | 2 | 0 | |a porovnanie medzinárodné |
| 610 | 2 | 0 | |a podmienky pracovné |